000 00550nam a2200193Ia 4500
005 20250508150342.0
008 008 250505s9999 xx 000 0 eng d
037 _aTextual
040 _aFEDL
_beng
_cFEDL
041 _aeng
_2eng
084 _a021.3, MCD
_qFEDL
100 _aMcdonald Doan Gerald
_9756477
245 0 _aEducational motion pictures and libraries
260 _aChicago
_bAmerican Library Association
_c1942
300 _axii,183p.
650 _aLibraries
942 _cTEXL
_h021.3, MCD
999 _c1323146
_d1323146